Nenne Europäische Länder in 90 Sek. - Statistiken

Allgemein
  • Dieses Quiz wurde 899 mal gespielt
  • Das Durchschnittsergebnis liegt bei 31 aus 45
Antwortstatistiken
Antwort % Korrekt
Deutschland
94%
Spanien
91%
Schweden
87%
Frankreich
85%
Portugal
85%
Finnland
84%
Belgien
83%
Norwegen
83%
Italien
81%
Schweiz
81%
Österreich
79%
Polen
79%
Estland
76%
Lettland
76%
Dänemark
75%
Niederlande
75%
Russland
75%
Andorra
74%
Litauen
73%
Irland
72%
Albanien
71%
Island
69%
Slowenien
69%
Luxemburg
68%
Slowakei
68%
Serbien
67%
Ukraine
67%
Tschechien
66%
Vatikanstadt
64%
Vereinigtes Königreich
64%
Kroatien
63%
Liechtenstein
63%
Ungarn
63%
Belarus
62%
San Marino
61%
Griechenland
60%
Monaco
59%
Bulgarien
58%
Rumänien
56%
Kosovo
54%
Malta
53%
Bosnien
52%
Montenegro
49%
Nordmazedonien
48%
Moldawien
46%
Keine übereinstimmenden Quizze gefunden
Verteilung der Resultate
Anzahl Personen mit jedem Resultat
Perzentil nach korrekt beantworteten Fragen
Ihre Resultats-Entwicklung
Sie haben dieses Quiz noch nicht gespielt